| 000 | 00430cam a2200169ua 4500 | ||
|---|---|---|---|
| 020 | _c12.00 | ||
| 041 |
_aeng _h |
||
| 082 |
_a621.165 _bKEA/ST |
||
| 100 | _aKearton, W.J . | ||
| 245 |
_aSteam turbine theory and practice / _cW.J.Kearton. _hTextual Documents |
||
| 260 |
_aLondon : _bEnglish Language Book Society , _c1962. |
||
| 300 | _a861 ; . | ||
| 365 | _a12.00 | ||
| 504 | _a | ||
| 942 | _cBK | ||
| 999 |
_c1835 _d1835 |
||